走在夢想的路上
| 資料類型: | 圖書 | 書目號: | 50932 |
Leader xxxxxxxxxx 001 __ 102449/4/01 005 __ 20170410105845.874 010 0_ |a978-986-320-553-1|b平裝|d新臺幣360元 042 __ |anbic 100 __ |a20170410g2014 m y0chiy50 e 101 0_ |achi 102 __ |atw 105 __ |aa z 000cy 200 1_ |a走在夢想的路上|f謝哲青著 205 __ |a初版 210 __ |a臺北市|c天下文化|d2014[民103] 215 0_ |a285面|c部份彩圖|d21公分 225 12 |a生活風格|v60 606 __ |2cst|a散文 700 _1 |a謝|b哲青|4著 681 __ |a855|b8244 801 _0 |atw|bLibDipper|c20170410|gCCR |